| 000 | 00356nam a22001457a 4500 | ||
|---|---|---|---|
| 005 | 20240705162027.0 | ||
| 008 | 240705b |||||||| |||| 00| 0 eng d | ||
| 020 | _a978-93-5048-592-7 | ||
| 041 | _aeng | ||
| 100 |
_aVEDIC, VEDPRATAP _98444 |
||
| 245 | _aSWABHASHA LAOO: ANGREZI HATAWO | ||
| 260 |
_aDELHI _bPRABHAT PRAKASHAN |
||
| 300 | _a80;P | ||
| 942 | _cBK | ||
| 999 |
_c8554 _d8552 |
||